000 04732nam a22003257a 4500
001 TZ 0048
003 gtcocun
005 20251013203523.0
006 a||||gr|||| 00| 0
007 ta
008 251013b2014 gt ||||| m||| 00| 0 eng d
040 _agtcocun
_bSPA
_cgtcocun
_eRDA
041 _aSPA TZ 0048
084 _0TZ 0048
100 _aAlvarado Jerónimo, Jaime Rolando
_eAutor
245 _aINFORME FINAL DEL EJERCICIO PROFESIONAL SUPERVISADO, REALIZADO EN LA SEDE DEPARTAMENTAL DEL MINISTERIO DE AGRICULTURA, GANADERÍA Y ALIMENTACIÓN DEL DEPARTAMENTO DE ALTA VERAPAZ/
_cJaime Rolando Alvarado Jerónimo.
_hImpreso
264 _aCobán, Alta Verapaz:
_bUniversidad de San Carlos de Guatemala, Centro Universitario del Norte, Zootecnia
_c2014
300 _a62 p.:
_bIlustraciones, gráficas.
_c28 cm;
336 _2rdacontenido
_aTexto
_btxt
337 _2rdamedio
_aComputadora
_bn
338 _2rdasoporte
_aCódigo en línea
_bcr
502 _eTZ 0048
502 _aTesis de grado
_bZootecnia,
_cUniversidad de San Carlos de Guatemala, Centro Universitario del Norte, Zootecnia
_d2014
_oTZ 0048
520 1 4 _aEl presente informe de Ejercicio Profesional Supervisado (EPS en adelante), de la carrera de Zootecnia del Centro Universitario del Norte, CUNOR-USAC, contiene la descripción de las actividades ejecutadas en la Sede del Ministerio de Agricultura, Ganadería y Alimentación del departamento de Alta Verapaz (MAGA), lugar donde se realizaron diferentes acciones en beneficio de la población en general que atiende dicha institución gubernamental. En base a la política institucional, se definió trabajar con énfasis en el programa “Plan Hambre Cero” y para ello se priorizó trabajar en el municipio de Tamahú, del departamento de Alta Verapaz, ya que de acuerdo a las estadísticas del Ministerio de Salud Pública y la Secretaría de Seguridad Alimentaria, este poblado a nivel departamental cuenta con los índices más altos de desnutrición infantil y problemas de vulnerabilidad alimentaria en las aldeas Panhorná, Pantic y Panteón. Definido el plan de trabajo en el municipio de Tamahú, Alta Verapaz, se ejecutaron las diferentes actividades programadas en respuesta a lo diagnosticado, todo ello se llevó a cabo con el respaldo de las autoridades de la sede del MAGA de Alta Verapaz. A la vez se programaron y apoyaron actividades institucionales como: la habilitación de un criadero de lombriz coqueta roja californiana (Eisenia foetida), la ampliación y mejoramiento del estanque piscícola, también se apoyó el proceso de vacunación de porcinos contra la Peste Porcina Clásica (PPC), la vacunación de bovinos contra la rabia y se participó en el programa pecuario que implementó el comando Sur del ejército de los Estados Unidos bajo el programa denominado “Más allá del Horizonte”, se benefició a comunidades de los municipios de San Pedro Carchá, Cobán, Chisec y San Cristóbal Verapaz, del departamento de Alta Verapaz. En el caso del municipio de Tamahú, Alta Verapaz, las actividades programadas se ejecutaron al cien por ciento, las principales: la implementación de 33 granjas familiares de pollos de engorde que beneficiaron a igual número de familias en las aldeas Panhorná, Naxombal, Chiquín Guaxcuz y Jolomché, este proyecto se realizó en alianza con la Fundación para el desarrollo del hombre y su entorno “CALMECAC”, una organización no gubernamental que trabaja en dicho municipio. Se realizó un censo pecuario, se capacitó a un grupo de mujeres en la aplicación de diferentes tipos de vacunas en aves de corral, se establecieron cien huertos familiares, lo que benefició a igual número de familias, las mismas también fueron beneficiadas con dos entregas de alimentos por el trabajo realizado ya que el proyecto fue patrocinado por el Programa Mundial de Alimentos. Como parte del proceso de enseñanza aprendizaje se realizó a la par una investigación que consistió en evaluar diferentes niveles de lombricompost en la producción de pilones de bledo, esta especie fue seleccionada porque es una planta nativa y por su alto contenido proteico a nivel de follaje y semillas, lo cual puede contribuir a reducir los índices de desnutrición infantil que se reportan en dicho municipio.
650 1 4 _2LEMB
_aAlta Verapaz.
_xZootecnia
_xSalud Pública
_xSecretaria de Seguridad
_xMAGA
_xCALMECAC
_xPrograma Mundial de Alimentos
700 _aLic. Zoot. Cristian Orlando Sandoval Hum
_eAsesor
856 _uhttps://drive.google.com/file/d/1j23RdBES9NYa-2DxMYaDNjd0iGt65SJo/view
_yPDF
_zUn ejemplar en línea.
942 _2ddc
_cTES
_iTZ 0048
_kClasificación
_n0
_6TZ_0048_000000000000000
999 _c2324
_d2324